000 00376nam a22001457a 4500
999 _c193631
_d193631
008 221107b ||||| |||| 00| 0 eng d
082 _aN-SAN
100 _aSANT ,SINGH SEKHON
245 _aBLOOD AND SOIL
_hENGLISH
260 _aNEW DELHI
_bA.I.C.B
_cROHINI
270 _aA.I.C.B ,ROHINI NEW DELHI
300 _a.
_b.
_c12X13
490 _v1-3
942 _2ddc
_cBRLEN
_kN
_mSAN